Geology of Grant and LaSalle Parishes, (Record no. 27456)

MARC details
000 -LEADER
fixed length control field 00930cam a22002651 4500
001 - CONTROL NUMBER
control field gs 38000172
003 - CONTROL NUMBER IDENTIFIER
control field DLC
005 - DATE AND TIME OF LATEST TRANSACTION
control field 20260227111343.0
008 - FIXED-LENGTH DATA ELEMENTS--GENERAL INFORMATION
fixed length control field 790608s1938 laua b s000 0 eng
010 ## - LIBRARY OF CONGRESS CONTROL NUMBER
LC control number gs 38000172
035 ## - SYSTEM CONTROL NUMBER
System control number (OCoLC)5050051
040 ## - CATALOGING SOURCE
Original cataloging agency DLC
Transcribing agency TxCM
Modifying agency OCoLC
-- DLC
042 ## - AUTHENTICATION CODE
Authentication code premarc
050 00 - LIBRARY OF CONGRESS CALL NUMBER
Classification number QE117
Item number .A22 no. 10
100 1# - MAIN ENTRY--PERSONAL NAME
Personal name Fisk, Harold Norman,
Dates associated with a name 1908-
245 10 - TITLE STATEMENT
Title Geology of Grant and LaSalle Parishes,
Statement of responsibility, etc. by H. N. Fisk.
260 ## - PUBLICATION, DISTRIBUTION, ETC.
Place of publication, distribution, etc. New Orleans, La.,
Name of publisher, distributor, etc. Published by Dept. of Conservation, Louisiana Geological Survey,
Date of publication, distribution, etc. 1938.
300 ## - PHYSICAL DESCRIPTION
Extent xv, 246 p.
Other physical details illus.
490 1# - SERIES STATEMENT
Series statement Louisiana. Dept. of conservation. Geological bulletin
Volume/sequential designation no. 10
504 ## - BIBLIOGRAPHY, ETC. NOTE
Bibliography, etc. note Bibliography: p. 214-228.
650 #0 - SUBJECT ADDED ENTRY--TOPICAL TERM
Topical term or geographic name entry element Geology
Geographic subdivision Louisiana
-- Grant Parish.
650 #0 - SUBJECT ADDED ENTRY--TOPICAL TERM
Topical term or geographic name entry element Geology
Geographic subdivision Louisiana
-- La Salle Parish.
650 #0 - SUBJECT ADDED ENTRY--TOPICAL TERM
Topical term or geographic name entry element Petroleum
Geographic subdivision Louisiana.
810 2# - SERIES ADDED ENTRY--CORPORATE NAME
Corporate name or jurisdiction name as entry element Louisiana Geological Survey.
Title of a work Geological bulletin ;
Volume/sequential designation no. 10.

No items available.

Powered by Koha